000
00303nam a22001337a 4500
008
170606b xxu||||| |||| 00| 0 eng d
020
_a
9780132285339
041
_a
eng
080
_2
3rd
_a
93
100
_a
18
101
_a
SHH
245
_a
INTERNATIONAL ORGANIZATIONS
_c
PEASE, K.K.S
942
_2
udc
_c
BK
999
_c
16044
_d
16044